Principles of agricultural economics : (Record no. 79)

MARC details
000 -LEADER
fixed length control field 00661pam a2200193 a 4500
020 ## - INTERNATIONAL STANDARD BOOK NUMBER
ISBN 0521334306
020 ## - INTERNATIONAL STANDARD BOOK NUMBER
ISBN 0521336643 (pbk.)
050 00 - CALL NUMBER
Classification number HD1417
Item number .C63 COL
100 1# - AUTHOR
Personal name Colman, David.
245 10 - TITLE
Title Principles of agricultural economics :
Remainder of title markets and prices in less developed countries /
Statement of responsibility, etc David Colman and Trevor Young.
260 ## - PUBLICATION INFORMATION
Place of publication Cambridge ;
-- New York :
Name of publisher Cambridge University Press,
Year of publication 1989.
300 ## - DESCRIPTION
Number of Pages x, 323 p. :
Other physical details ill. ;
Dimensions 24 cm.
440 #0 - SERIES
SERIES Wye studies in agricultural and rural development
500 ## - NOTES
General note Includes index.
650 #0 - SUBJECTS
Topical Term Agriculture
General subdivision Economic aspects
650 #0 - SUBJECTS
Topical Term Agricultural prices
700 1# - OTHER AUTHORS
Personal name Young, Trevor.
942 ## - ADDED ENTRY ELEMENTS (KOHA)
Koha item type Books
Holdings
Withdrawn status Lost status Home library Current library Date acquired Full call number Accession Number Koha item type
    Methodist University Library Wenchi Faculty Methodist University Library Wenchi Faculty 11/10/2017 HD1417 .C63 COL 32643 Books
    Methodist University Library Wenchi Faculty Methodist University Library Wenchi Faculty 11/10/2017 HD1417 .C63 COL 29068 Books
Copyright © 2026  MUG Library